000
00260nam a2200109Ia 4500
008
220204s9999 xx 000 0 und d
082
_a
347.715
_b
BHA
100
_a
B K
245
0
_a
Handbook of industrial law
260
_a
Calcutta
_b
Academic
_c
1975
942
_c
BK
999
_c
32456
_d
32456